000 00498nam a2200181Ia 4500
005 20250326144110.0
008 250326s9999 xx 000 0 und d
037 _aTextbook
040 _aFMSL
_beng
_cFMSL
041 _aeng
_2eng
084 _aX P5
_qFMSL
100 _aBosch G
_9749023
245 0 _aWorking in the service sector-a tale from diffrent world
_cBosch G And Others
260 _c2005
365 _b577409.79399999999
942 _cTB
_hX P5
999 _c1302349
_d1302349